Europe by Capitals and Borders in 15 Seconds - Statistics

General Stats
  • This quiz has been taken 2,787 times
  • The average score is 30 of 45
Answers on the Map
Answers color-coded by a green-red scale on the quiz's map according to % correct below.
 
Answer Stats
Country % Correct
France
96%
Switzerland
95%
Germany
93%
Spain
91%
Italy
90%
Poland
90%
Austria
89%
Belgium
89%
Netherlands
89%
Luxembourg
88%
Finland
87%
Norway
87%
Russia
87%
Ukraine
84%
Andorra
82%
Belarus
82%
United Kingdom
82%
Latvia
77%
Lithuania
77%
Czech Republic
75%
Estonia
75%
Slovenia
75%
Ireland
67%
San Marino
67%
Vatican City
67%
Denmark
64%
Portugal
64%
Hungary
63%
Bulgaria
62%
Sweden
62%
Monaco
60%
Macedonia
59%
Romania
58%
Serbia
57%
Greece
48%
Croatia
47%
Slovakia
47%
Albania
46%
Montenegro
45%
Bosnia and Herzegovina
42%
Kosovo
38%
Moldova
36%
Liechtenstein
34%
Iceland
24%
Malta
13%
No matching quizzes found
Score Distribution
Percent of People with Each Score
Percentile by Number Answered
Your Score History
You have not taken this quiz